Ewige Tabelle schweizer Super League - Statistiken

Allgemein
  • Dieses Quiz wurde 207 mal gespielt
  • Das Durchschnittsergebnis liegt bei 18 aus 68
Antwortstatistiken
Punkte Team Spiele Aktuelle Liga Spielzeiten % Korrekt
4669 Basel 2836 1 1898–99, 1900–39, 1942–45, 1946–88, 1994–
95%
5187 Grasshopper 3007 1 1897–1909, 1914–15, 1916–49, 1950–2019, 2021–
92%
4323 Zürich 2777 1 1897–1934, 1941–46, 1948–57, 1958–88, 1990–2016, 2017–
89%
2888 St Gallen 2261 1 1899–1932, 1937–45, 1950–51, 1969–70, 1971–94, 1995–2008, 2009–11, 2012–
84%
2480 Luzern 2066 1 1909–13, 1918–25, 1930–31, 1936–44, 1953–55, 1958–66, 1967–69, 1970–72, 1974–75, 1979–92, 1993–2003, 2006–
83%
4891 Young Boys 2935 1 1901–47, 1950–1997, 1998–1999, 2001–
82%
4498 Servette 2693 1 1900–2005, 2011–13, 2019–
79%
2653 Lugano 1910 1 1922–53, 1954–60, 1961–63, 1964–76, 1979–80, 1988–97, 1998–2002, 2015–
75%
2384 Sion 1762 1 1962–69, 1970–2002, 2006–
75%
1695 Aarau 1368 2 1906–33, 1935–36, 1981–2010, 2013–15
67%
741 Thun 598 2 1954–55, 2002–08, 2010–2020
66%
1067 Winterthur 835 1 1902–03, 1905–31, 1956–58, 1959–61, 1966–67, 1968–77, 1982–83, 1984–85, 2022–
66%
3801 Lausanne Sport 2565 1 1902–31, 1932–2002, 2011–2014, 2016–2018, 2020–2022, 2023–
60%
170 Schaffhausen 210 2 1955–57, 1961–62, 1963–64, 2004–07
57%
1005 Bellinzona 912 2 1944–60, 1964–65, 1967–71, 1976–77, 1980–84, 1986–90, 2008–11
54%
155 Vaduz 180 2 2008–09, 2014–2017, 2020–2021
52%
923 Bern 718 6 1899–1932, 1933–38, 1945–48, 1949–50, 1951–54
48%
70 Wil 72 2 2002–04
42%
2530 Neuchatel Xamax 1874 3 1906–31, 1941–48, 1950–51, 1963–64, 1973–2006, 2007–12, 2018–2020
39%
132 Yverdon Sport 161 1 1897–99, 1911–15, 1993–94, 1999–2001, 2005–06, 2023-
35%
52 Baden 109 3 1909–14, 1916–17, 1985–86
33%
38 Kriens 44 3 1993–94, 1997–98
29%
395 Locarno 330 7 1930–31, 1933–36, 1945–53, 1986–87
29%
2164 La Chaux de Fonds 1571 4 1900–14, 1915–37, 1938–42, 1943–46, 1947–74, 1975–76, 1979–80, 1983–87
27%
18 Zug 30 4 1984-85
26%
800 Chiasso 700 3 1927–31, 1948–61, 1962–65, 1972–74, 1978–82, 1983–84, 1992–93
25%
612 Old Boys 425 5 1898–1932
25%
92 Solothurn 98 4 1925–31
23%
292 Etoile Carouge 250 3 1923–33, 1977–78, 1996–97
22%
0 Stade Lausanne 1 2 1897–98
22%
480 Fribourg 524 5 1909–14, 1915–31, 1952–56, 1960–62, 1969–71, 1972–73
20%
37 Delemont 44 4 1999–2000, 2002–03
19%
1182 Grenchen 934 5 1924–31, 1937–51, 1952–56, 1957–68, 1971–73, 1985–86
16%
1533 Biel Bienne 1266 3 1903–1904, 1907–24, 1925–52, 1953–54, 1957–58, 1959–72, 1975–76
14%
288 Wettingen 278 6 1969–70, 1982–87, 1988–92
14%
4 Wohlen 10 4 1930-31
13%
57 Bulle 82 3 1981–83, 1992–93
11%
214 Concordia Basel 208 5 1923–31, 1932–35
10%
3 Monthey 10 4 1930-31
7%
191 Vevey Sports 206 4 1974–75, 1981–87
7%
5 Black Stars Basel 10 3 1930-31
5%
818 Nordstern Basel 664 8 1911–1943, 1978–79, 1980–1982
5%
389 Blue Stars Zürich 337 5 1900–1901, 1913–14, 1915–34
4%
381 Brühl St Gallen 302 3 1910–31
4%
255 Chenois 226 4 1973–81
4%
1435 Juventus Zürich 1137 3 1905–14, 1915–52, 1956–59, 1960–63, 1965–68, 1977–78
4%
8 Moutier 26 5 1966-67
4%
56 Veltheim 64 6 1923–27
3%
26 Blue Stars St Gallen 49 Aufgelöst 1901–07
2%
545 Etoile Sporting La Chaux de Fonds 332 7 1909–1932
2%
0 Excelsior Basel 4 Aufgelöst 1901–02
2%
6 Fortuna Basel 22 Aufgelöst 1901-04
2%
0 Geneva 1 Aufgelöst 1898–99
2%
15 Kickers Zürich 16 Aufgelöst 1904-06
2%
0 Maison Neuve Vevey 1 Aufgelöst 1897–98
2%
117 Montreux Sports 180 6 1910–14, 1915–25
2%
0 Racing Club de Geneve 1 Aufgelöst 1897–98
2%
8 Racing Lausanne 10 6 1930-31
2%
630 Urania Geneve Sport 565 7 1904–07, 1910–14, 1915–34, 1946–47, 1948–49, 1955–59, 1965–66
2%
0 Weissenbühl Bern 8 Aufgelöst 1904–05
2%
21 Anglo American Wanderers Zürich 30 Aufgelöst 1898–1900, 1903–05
1%
3 Chateau de Lancy 2 Aufgelöst 1897-98
1%
3 La Chatelaine Geneve 2 Aufgelöst 1897-98
1%
9 Lausanne FCC 4 Aufgelöst 1897-99
1%
77 Neumünster Zürich 68 8 1917–22
1%
3 Polytechniker Zürich 9 Aufgelöst 1902–04
1%
9 Villa Longchamp Lausanne 4 Aufgelöst 1897-98
1%
23 Fire Flies Züricj 18 Aufgelöst 1900–1902
0%
Keine übereinstimmenden Quizze gefunden
Verteilung der Resultate
Anzahl Personen mit jedem Resultat
Perzentil nach korrekt beantworteten Fragen
Ihre Resultats-Entwicklung
Sie haben dieses Quiz noch nicht gespielt